Perspectivas curriculares y pertinencia social : tras las huellas de los saberes educativos en la formación de licenciados /

Detalles Bibliográficos
Autor principal: Guzmán Hoyos, Alfonso María (Autor)
Otros Autores: Ortiz Vivas, Jorge Alberto (Editor)
Formato: Electrónico eBook
Lenguaje:español
Publicado: Popayán, Colombia : Editorial Universidad del Cauca, 2024.
Edición:Primera edición en español.
Materias:
Acceso en línea:Digitalia Hispánica

MARC

LEADER 00000nam a2200000Ii 4500
001 DIGUCAUCA0191
003 NyNyDIG
006 m o d
007 cr |||||||||||
008 250611s2024 ck a ob 001 0 spa d
035 |a (OCoLC)1524215567 
040 |a DGITA  |b eng  |e rda  |e pn  |c DGITA 
020 |a 9789587326871  |q digital 
020 |z 9789587326864  |q impreso 
043 |a s-ck--- 
050 1 4 |a LB1727.S68 ebook 
245 0 0 |a Perspectivas curriculares y pertinencia social :  |b tras las huellas de los saberes educativos en la formación de licenciados /  |c Jorge Alberto Ortiz Vivas, compilador ; Alfonso María Guzmán Hoyos [and 14 others]. 
250 |a Primera edición en español. 
264 1 |a Popayán, Colombia :  |b Editorial Universidad del Cauca,  |c 2024. 
300 |a 1 online resource :  |b illustrations. 
336 |a text  |b txt  |2 rdacontent 
337 |a computer  |b c  |2 rdamedia 
338 |a online resource  |b cr  |2 rdacarrier 
347 |a text file  |2 rdaft  
347 |b PDF 
504 |a Includes bibliographical references and index. 
588 0 |a Online resource; title from PDF title page (Digitalia, viewed June 11, 2025) 
650 0 |a Teachers  |x Training of  |z Colombia. 
650 0 |a Education  |x Curricula  |z Colombia. 
700 1 |a Ortiz Vivas, Jorge Alberto,  |e editor. 
700 1 |a Guzmán Hoyos, Alfonso María,  |e author. 
776 0 8 |i Print version:  |t Perspectivas curriculares y pertinencia social.  |b Primera edición en español.  |d Popayán, Colombia : Editorial Universidad del Cauca, 2024  |z 9789587326864 
791 2 |a Digitalia (Firm),  |e distributor. 
793 0 |g Digitalia eBook Collection:  |a Editorial Universidad del Cauca 
856 4 0 |3 Digitalia Hispánica  |u https://www.digitaliapublishing.com/a/173815/ 
910 |a Premium collection: 2025